| 000 | 00413nab a2200145Ia 4500 | ||
|---|---|---|---|
| 003 | ES-SlBCS | ||
| 005 | 20210601131816.0 | ||
| 008 | 140529s1971 xxu||||| |||| 00| 0 fre d | ||
| 041 | _afre | ||
| 100 | 1 |
_aChave, R. _9188945 |
|
| 245 | 0 | 0 |
_aChrétiens au Festival d'Avignon _c R. Chave |
| 651 | 4 |
_aAviñón _9188669 |
|
| 773 | 0 |
_tVie Spirituelle (La) _gvol. 124, nº. 583, 1971, págs. 755-756 _wRev496 |
|
| 942 | _cAR | ||
| 999 |
_c569180 _d569180 |
||